د عا ۓ نيم شب : مجمو عہ کلا م (Record no. 76781)

MARC details
000 -LEADER
fixed length control field 00774nam a22002057a 4500
005 - DATE AND TIME OF LATEST TRANSACTION
control field 20130701154151.0
010 ## - LCCN (DPL NO)
LC control number UR-8474
020 ## - INTERNATIONAL STANDARD BOOK NUMBER
International Standard Book Number 9789380182285
Terms of availability 160.00
035 ## - SYSTEM CONTROL NUMBER
System control number U-7029
037 ## - SOURCE OF ACQUISITION
Source of stock number/acquisition DBAD/PUB
082 ## - DEWEY DECIMAL CLASSIFICATION NUMBER
Classification number 841
100 ## - MAIN ENTRY--PERSONAL NAME
Personal name شا ہجہا ن جعفر ی حجا ب امر و ہو ی
245 ## - TITLE STATEMENT
Title د عا ۓ نيم شب : مجمو عہ کلا م
Statement of responsibility, etc شا ہجہا ن جعفر ی حجا ب امر و ہو ی
246 ## - VARYING FORM OF TITLE
Title proper/short title Dua-e-Neem Shab(poetry)
Remainder of title by Shahjahan Jaffery Hijab Amrohvi
260 ## - PUBLICATION, DISTRIBUTION, ETC. (IMPRINT)
Place of publication, distribution, etc Delhi
Name of publisher, distributor, etc Takhleeqkar Publishers
Date of publication, distribution, etc 2011
270 ## - ADDRESS
Address 104/B-Yawar Manzil.I Block ,Laxmi Nagar.
City Delhi
Postal code 110092
Telephone number 011-22442572,9811612373
300 ## - PHYSICAL DESCRIPTION
Extent 176ص
Other physical details 22 cm.
700 ## - ADDED ENTRY--PERSONAL NAME
Dates associated with a name Edited by Chanchal Singh Cheema
942 ## - ADDED ENTRY ELEMENTS (KOHA)
Source of classification or shelving scheme Dewey Decimal Classification
Item type Urdu Bks
Classification part 841
Call number suffix ج ع ف
Holdings
Withdrawn status Lost status Not for loan Collection code Home library Current library Date acquired Source of acquisition Cost, normal purchase price Full call number Barcode Copy number Cost, replacement price Koha item type
      Non-fiction D.B.Act.Division D.B.Act.Division 19/06/2013 DBAD 160.00 841ج ع ف U-7029 1 160.00 Urdu Bks

© Delhi Public Library
Hit Counter
free hit counter